| 000 | 03614cam a22007334i 4500 | ||
|---|---|---|---|
| 003 | PE-LiUPU | ||
| 005 | 20250731180054.0 | ||
| 008 | 150731s2014 sp a rb 001 0 spa | ||
| 020 | _a8416228108 (Ibergarceta) | ||
| 020 | _a9788416228102 (Ibergarceta) | ||
| 035 | _a(Sirsi) i9788416228102 | ||
| 040 |
_aPE-LiUPU _bspa _cPE-LiUPU _erda |
||
| 049 | _aPRUA | ||
| 082 | 0 | 4 |
_a552.1 _bG91 _220 |
| 100 | 1 |
_aEscolano Sánchez, Félix, _eautor. |
|
| 245 | 1 | 0 |
_aGuía de reconocimiento de rocas en ingeniería civil / _cFélix Escolano Sánchez. |
| 250 | _a1a edición. | ||
| 264 | 1 |
_aMadrid : _bIbergarceta, _c2014. |
|
| 300 |
_aXII, 313 páginas : _bilustraciones ; _c22 centímetros |
||
| 336 |
_atext _2rdacontent |
||
| 337 |
_aunmediated _2rdamedia |
||
| 338 |
_avolume _2rdacarrier |
||
| 490 | 0 |
_aColección seinor ; _v49 |
|
| 504 | _aBibliografía : páginas 304-305. | ||
| 504 | _aÍndices : páginas 308-313. | ||
| 505 | _aConceptos generales -- Reconocimentos de rocas. fichas descriptivas -- Afloramientos de rocas. Fichas descriptivas. | ||
| 526 | _aSEG44 | ||
| 526 | _aSEG26 | ||
| 526 | _aP159 | ||
| 526 | _aP155 | ||
| 526 | _aP154 | ||
| 526 | _aP153 | ||
| 526 | _aP150 | ||
| 526 | _aP100 | ||
| 526 | _aP31 | ||
| 526 | _aP30 | ||
| 526 | _aP26 | ||
| 526 | _aP25 | ||
| 526 | _aP24 | ||
| 526 | _aP22 | ||
| 526 | _aP15 | ||
| 526 | _aP10 | ||
| 541 | _g044-0022970; | ||
| 541 | _g0020-0000889; | ||
| 650 | 0 | _aCivil engineering. | |
| 650 | 0 | _aEngineering geology. | |
| 650 | 0 |
_aRocks _xIdentification. |
|
| 700 | 1 |
_aMazariegos de la Serna, Alberto, _eautor. |
|
| 910 |
_jck _bhop _chop _d20160517 |
||
| 942 |
_2ddc _cBOOK |
||
| 949 |
_a552.1 G91 _wDEWEY _c1 _i72986 _lCCODEBUL1 _mBUL _p30.13 _r0 _sY _tBOOK _u2016-5-17 _xINGENIERIA _PP25 _0COMPRA _o.STAFF. Colección General |
||
| 949 |
_a552.1 G91 _wDEWEY _c1 _iFJ00416 _lCCODEBUJ1 _mBUJ _p34.85 _r0 _sY _tBOOK _u2016-6-14 _xINGENIERIA _PP25 _0COMPRA _o.STAFF. Colección General Juliaca |
||
| 949 |
_a552.1 G91 _wDEWEY _c2 _i72987 _d2016-10-6 _e2016-10-3 _lCCODEBUL1 _mBUL _n1 _p30.13 _r0 _sY _tBOOK _u2016-5-17 _xINGENIERIA _PP25 _0COMPRA _o.STAFF. Colección General |
||
| 949 |
_a552.1 G91 _wDEWEY _c3 _i72988 _lCCODEBUL1 _mBUL _p30.13 _r0 _sY _tBOOK _u2016-5-17 _xINGENIERIA _PP25 _0COMPRA _o.STAFF. Colección General |
||
| 949 |
_a552.1 G91 _wDEWEY _c4 _i74033 _lCCODEBUL1 _mBUL _p38.46 _r0 _sY _tBOOK _u2016-7-14 _xINGENIERIA _PP25 _0COMPRA _o.STAFF. Colección General |
||
| 994 |
_aC0 _bPEPRU |
||
| 596 | _a1 3 | ||
| 999 |
_a552.1 G91 _wDEWEY _c9372 _i72986 _d9372 _e2017-8-13 _f2021-11-9 _g7 _lCCODEBUL1 _mBUL _n3 _p30.13 _r0 _sY _tBOOK _u2016-5-17 _xINGENIERIA _PP25 _0COMPRA _o.STAFF. Colección General |
||
| 999 |
_a552.1 G91 _wDEWEY _c2 _i72987 _d2016-10-6 _e2016-10-3 _f2021-11-9 _g7 _lCCODEBUL1 _mBUL _n1 _p30.13 _r0 _sY _tBOOK _u2016-5-17 _xINGENIERIA _PP25 _0COMPRA _o.STAFF. Colección General |
||
| 999 |
_a552.1 G91 _wDEWEY _c3 _i72988 _f2021-11-9 _g7 _lCCODEBUL1 _mBUL _p30.13 _r0 _sY _tBOOK _u2016-5-17 _xINGENIERIA _PP25 _0COMPRA _o.STAFF. Colección General |
||
| 999 |
_a552.1 G91 _wDEWEY _c4 _i74033 _f2021-11-9 _g7 _lCCODEBUL1 _mBUL _p38.46 _r0 _sY _tBOOK _u2016-7-14 _xINGENIERIA _PP25 _0COMPRA _o.STAFF. Colección General |
||
| 999 |
_a552.1 G91 _wDEWEY _c1 _iFJ00416 _d2019-4-16 _e2019-4-14 _f2022-1-25 _g4 _lCCODEBUJ1 _mBUJ _n1 _p34.85 _q3 _r0 _sY _tBOOK _u2016-6-14 _xINGENIERIA _PP25 _0COMPRA _o.STAFF. Colección General Juliaca |
||
| 980 |
_81 _gALBERTO SANCHEZ Responsable de Automatización |
||